00837nam a2200241Ia 4500001000600000003000900006008004100015040001300056040001300069041001300082100002100095100002900116245003600145245004900181250001100230260000900241260000900250260004900259300005700308500016400365650003500529650003100564B3898IT-RoPAU130308s9999 xx 000 0 und d aIT-RoPAU cIT-RoPAU aSPAGNOLO aGargurevich Juan gCodice Aut. SPICS: 22644 aRadio popular en el Perù (La) bEducacion Y comunicacion popular En El Peru' a2a ed. aLIMA bIPAL c1988 [1° Ed.:1985 - Ed.Ling.Originale:1985] a"23 p. (prefazione: no ; testo: 23 [pagine: 25-47])" aRadio Popolare in Peru'. Funzioni della Radio in Peru'. Radio e Comunicazione Popolare. Radio Educatrice. Chiesa e Radio Popolare. Radio Popolare Indipendente. aSAGGI DI COMUNICAZIONE SOCIALE eCodice materia Spics: 3807